000 00303nam a22001337a 4500
008 181015b xxu||||| |||| 00| 0 eng d
020 _a9780155318625
041 _aeng
080 _211 ed
_a370
100 _a49
101 _aedu
245 _aHarbrage College Hand book
_cJohn.c.h
942 _2udc
_cBK
999 _c49613
_d49613